000
00333 a2200157 4500
001
188077
020
_a
978-85-04-01329-0
040
_c
Magnum
100
_a
Carrasco, Walcyr
240
1
0
_a
A estrela curiosa
_l
por
245
1
0
_a
A estrela curiosa
300
_a
24
362
0
_a
2008
697
_a
LITERATURA INFANTO
942
_c
BK
999
_c
188077
_d
188077